|
|
|
|
| LEADER |
00000nam0a2200000 4500 |
| 001 |
187936 |
| 005 |
20231101224112.0 |
| 035 |
|
|
|a (RuTPU)RU\TPU\book\203934
|
| 035 |
|
|
|a RU\TPU\book\111099
|
| 090 |
|
|
|a 187936
|
| 100 |
|
|
|a 20101125d2009 m y0rusy50 ca
|
| 101 |
0 |
|
|a rus
|
| 102 |
|
|
|a RU
|
| 105 |
|
|
|a y j 001zy
|
| 200 |
1 |
|
|a Бюджетное планирование и налоговая система
|e учебное пособие для вузов
|f А. А. Вазим
|g Томский политехнический университет (ТПУ), Институт дистанционного образования (ИДО)
|
| 205 |
|
|
|a 2-е изд., стер.
|
| 210 |
|
|
|a Томск
|c Изд-во ТПУ
|d 2009
|
| 215 |
|
|
|a 240 с.
|
| 320 |
|
|
|a Библиогр.: с. 221-222.
|
| 320 |
|
|
|a Словарь терминов: с. 223-239.
|
| 330 |
|
|
|a В учебном пособии в краткой форме изложены теоретические вопросы формирования налоговой системы, а также изучается механизм налогообложения доходов населения и предприятий. По каждой главе предложена логика рассмотрения, контрольные вопросы для самоконтроля. Отдельно вынесен список предлагаемой основной и дополнительной литературы. Пособие подготовлено на кафедре экономики, соответствует программе дисциплины «Бюджетное планирование и налоговая система» и предназначено для студентов специальности 080507 «Менеджмент организаций» Института дистанционного образования.
|
| 606 |
1 |
|
|a Бюджет
|x Финансы
|y Россия
|y СССР
|2 stltpush
|3 (RuTPU)RU\TPU\subj\35954
|9 57493
|
| 606 |
1 |
|
|a Налоговая система России
|2 stltpush
|3 (RuTPU)RU\TPU\subj\36470
|9 57836
|
| 610 |
1 |
|
|a экономика
|
| 610 |
1 |
|
|a финансы
|
| 610 |
1 |
|
|a бюджетное планирование
|
| 610 |
1 |
|
|a бюджетная система
|
| 610 |
1 |
|
|a Россия
|
| 610 |
1 |
|
|a социальная политика
|
| 610 |
1 |
|
|a бюджетное финансирование
|
| 610 |
1 |
|
|a инвестиционные программы
|
| 610 |
1 |
|
|a налоги
|
| 610 |
1 |
|
|a налог на добавленную стоимость
|
| 610 |
1 |
|
|a акцизы
|
| 610 |
1 |
|
|a налог на прибыль
|
| 610 |
1 |
|
|a единый социальный налог
|
| 610 |
1 |
|
|a налоги с физических лиц
|
| 610 |
1 |
|
|a налоговое планирование
|
| 610 |
1 |
|
|a учебные пособия
|
| 610 |
1 |
|
|a труды учёных ТПУ
|
| 686 |
|
|
|a У9(2)261.4я73
|v LBC/SL-A
|2 rubbk
|
| 686 |
|
|
|a У9(2)261.3я73
|v LBC/SL-A
|2 rubbk
|
| 700 |
|
1 |
|a Вазим
|b А. А.
|c экономист
|c доцент Томского политехнического университета, кандидат экономических наук
|f 1971-
|g Андрей Александрович
|2 stltpush
|3 (RuTPU)RU\TPU\pers\24264
|
| 712 |
0 |
2 |
|a Томский политехнический университет (ТПУ)
|b Институт дистанционного образования (ИДО)
|2 stltpush
|3 (RuTPU)RU\TPU\col\12625
|
| 801 |
|
1 |
|a RU
|b 63413507
|c 20061011
|g PSBO
|
| 801 |
|
2 |
|a RU
|b 63413507
|c 20181220
|g PSBO
|
| 942 |
|
|
|c BK
|